000 00469nam a2200193Ia 4500
005 20240823045527.0
008 240823s9999||||xx |||||||||||||| ||und||
020 _a81-203-1165-5
041 _aENGLISH
082 _A004.6 P0
100 _a"Tanenbaum,Andrew S"
245 0 _aComputer Networks
250 _a3rd
260 _c2000
_b"PHI,New Delhi"
500 _aTRANSFERED
650 _aComputer Networks
_bSoftware Engineering
942 _cBK
999 _c215164
_d215164